Lengua y literatura ii : taller de escritura: el informe monográfico /
Guardado en:
| Autor Principal: | |
|---|---|
| Otros Autores: | , , |
| Formato: | Libro |
| Publicado: |
Buenos Aires :
Aique,
2000
|
| Series: | Polimodal
|
| Materias: | |
| Etiquetas: |
Agregar Etiqueta
Sin Etiquetas, Sea el primero en etiquetar este registro!
|
| LEADER | 01272nam a22003135a 4500 | ||
|---|---|---|---|
| 001 | CEM.cems010614 | ||
| 005 | 20080507115425.0 | ||
| 008 | 130507s2000##################000#0#####d | ||
| 003 | CEMS | ||
| 020 | |a 950701620X | ||
| 082 | 0 | 4 | |a 468 |
| 100 | 1 | |a Atorresi, Ana | |
| 245 | 1 | 0 | |a Lengua y literatura ii : |b taller de escritura: el informe monográfico / |c Ana Atorresi, M. Bannon, S. Gándara, L. Kornfeld |
| 260 | |a Buenos Aires : |b Aique, |c 2000 | ||
| 300 | |a 31 p. | ||
| 490 | 0 | |a Polimodal | |
| 500 | |a Cuadernillo para la producción de textos monográficos | ||
| 505 | 0 | |a Informe monográfico: exposición y argumentación -- Planificación del informe monográfico -- Escritura del informe monográfico -- Desarrollo -- Conclusiones -- Paratextos | |
| 653 | |a Lengua | ||
| 653 | |a Lengua-polimodal | ||
| 653 | |a Monografía-producción | ||
| 653 | |a Estudio dirigido | ||
| 700 | 1 | |a Bannon, M. | |
| 700 | 1 | |a Gándara, S. | |
| 700 | 1 | |a Kornfeld, L. | |
| 859 | |a CEMS |b BIB. CEMS - 11 de abril |h 468 |i At72-2 |p 21177.01 |t Ej.1 |v II |3 II | ||
| 859 | |a CEMS |b BIB. CEMS - 11 de abril |h 468 |i At72-2 |p 21376.01 |t Ej.2 |v II |3 II | ||
| 859 | |a CEMS |b BIB. CEMS - 11 de abril |h 468 |i At72-2 |p 21377.01 |t Ej.3 |v II |3 II | ||
| 859 | |a CEMS |b BIB. CEMS - 11 de abril |h 468 |i At72-2 |p 21378.01 |t Ej.4 |v II |3 II | ||
